书目信息 |
| 题名: |
食经
|
|
| 作者: | 陈梦因 著 | |
| 分册: | 下卷 | |
| 出版信息: | 天津 百花文艺出版社 2009.01 |
|
| 页数: | 364页, [4] 页图版 | |
| 开本: | 23cm | |
| 丛书名: | 陈梦因食文化精品系列 | |
| 单 册: | ||
| 中图分类: | TS971 | |
| 科图分类: | ||
| 主题词: | 饮食--yin shi--文化--中国 | |
| 电子资源: | ||
| ISBN: | 978-7-5306-4896-4 | |
| 000 | 00952nam 2200265 450 | |
| 001 | 012009430664 | |
| 005 | 20090430142124.70 | |
| 010 | @a978-7-5306-4896-4@dCNY39.00 | |
| 100 | @a20090430d2009 em y0chiy0120 ea | |
| 101 | 0 | @achi |
| 102 | @aCN@b120000 | |
| 105 | @aacf z 000yy | |
| 106 | @ar | |
| 200 | 1 | @a食经@Ashi jing@h下卷@f陈梦因著@Fchen meng yin zhu |
| 206 | @a陈梦因食文化精品系列 | |
| 210 | @a天津@c百花文艺出版社@d2009.01 | |
| 215 | @a364页, [4] 页图版@c图, 肖像@d23cm | |
| 225 | 2 | @a陈梦因食文化精品系列@Achen meng yin shi wen hua jing pin xi lie |
| 330 | @a本书内容主要包括粤菜特式、香港不及广州、滋阴补肾、特好的菜、厨司考试、如何买菜、一桌好菜、高汤与上汤、上汤与二汤、有用上汤、鱼翅等。本书共分上、下2册。 | |
| 410 | 0 | @12001 @a陈梦因食文化精品系列 |
| 606 | 0 | @a饮食@Ayin shi@x文化@y中国 |
| 690 | @aTS971@v4 | |
| 701 | 0 | @a陈梦因@Achen meng yin@4著 |
| 801 | 0 | @aCN@bQSSK@c20090430 |
| 905 | @b738475-77@dTS971@eC518:2@f3 | |
| 食经.下卷/陈梦因著.-陈梦因食文化精品系列.-天津:百花文艺出版社,2009.01 |
| 364页, [4] 页图版:图, 肖像;23cm.-(陈梦因食文化精品系列) |
| ISBN 978-7-5306-4896-4:CNY39.00 |
| 本书内容主要包括粤菜特式、香港不及广州、滋阴补肾、特好的菜、厨司考试、如何买菜、一桌好菜、高汤与上汤、上汤与二汤、有用上汤、鱼翅等。本书共分上、下2册。 |
| ● |
| 相关链接 |
|
|
|
正题名:食经
索取号:TS971/C518:2
 
预约/预借
| 序号 | 登录号 | 条形码 | 馆藏地/架位号 | 状态 | 备注 |
| 1 | 738475 | 207384757 | 自科二线504/504自科库 30排4列5层/ [索取号:TS971/C518:2] | 在馆 | |
| 2 | 738476 | 207384766 | 自科库501/501自科库 44排3列1层/ [索取号:TS971/C518:2] | 在馆 | |
| 3 | 738477 | 207384775 | 自科二线504/504自科库 30排4列5层/ [索取号:TS971/C518:2] | 在馆 |